Winston Churchill (Registro nro. 273790)

Detalles MARC
000 -ENCABEZADO
Número de control [NR] 00944nam a2200253 b 4500
005 - FECHA Y HORA DE LA ÚLTIMA TRANSACCIÓN
control field 20140903175127.0
008 - DE LONGITUD FIJA DE DATOS DE ELEMENTOS - INFORMACIÓN GENERAL
Elementos de longitud fija [NR] 140711s2003 sp o gr ||| ||spa
020 ## - NUMERO INTERNACIONAL NORMALIZADO PARA LIBROS [R]
Número Internacional Normalizado del libro [NR] 8423334937
040 ## - FUENTE DE CATALOGACION [NR]
Agencia de catalogación original [NR] CO-BoUCM
Idioma de catalogación [NR] spa
Quien Cataloga Jose A. Gerena
Quien Clasifica Jose A. Gerena
041 1# - CODIGO DE IDIOMA [R]
Código de idioma para texto/pista de sonido o título separado [R] Español
100 1# - ASIENTO PRINCIPAL--NOMBRE PERSONAL [NR]
Nombre personal [NR] Haffner, Sebastian
Fechas asociadas con el nombre [NR] 1907-1999
ID Autoridad 62868
245 10 - MENCION DE TITULO [NR]
Título [NR] Winston Churchill
Parte restante del título [NR] una biografía
Mención de responsabilidad, etc. [NR] Sebastian Haffner ; traducción de Rosa Sala Rose
260 ## - PUBLICACION, DISTRIBUCION, ETC. (PIE DE IMPRENTA) [R]
Lugar de publicación, distribución, etc. [R] Barcelona (España)
Nombre del editor, distribuidor, etc. [R] Booket
Fecha de publicación, distribución, etc. [R] 2003
300 ## - DESCRIPCION FISICA [R]
Extensión [R] 260 páginas
Otros detalles físicos [NR] fotografías
490 1# - MENCION DE SERIE [R]
Mención de serie [R] Biografías
Designación numérica/secuencial del volumen [NR] 3057
600 1# - ASIENTO SECUNDARIO DE MATERIA - NOMBRE PERSONAL [R]
Nombre personal [NR] Churchill, Winston
Fechas asociadas con el nombre [NR] 1874-1965
Subdivisión general [R] Biografías
9 (RLIN) 62869
600 1# - ASIENTO SECUNDARIO DE MATERIA - NOMBRE PERSONAL [R]
Nombre personal [NR] Churchill, Winston
Fechas asociadas con el nombre [NR] 1874-1965
Subdivisión general [R] Pensamiento político
9 (RLIN) 62870
650 #7 - ASIENTO SECUNDARIO DE MATERIA - TERMINO TEMATICO [R]
9 (RLIN) 18542
Término temático o nombre geográfico como elemento de entrada [NR] Lideres políticos
Subdivisión geográfica [R] Inglaterra
650 #7 - ASIENTO SECUNDARIO DE MATERIA - TERMINO TEMATICO [R]
9 (RLIN) 39974
Término temático o nombre geográfico como elemento de entrada [NR] Guerra mundial, II
651 #4 - ASIENTO SECUNDARIO DE MATERIA - NOMBRE GEOGRAFICO [R]
Nombre geográfico [NR] Inglaterra
Subdivisión general [R] Historia
9 (RLIN) 62871
690 ## - ASUNTO AGREGADO LOCAL DE ENTRADA - TÉRMINO TEMÁTICO (OCLC, RLIN)
9 (RLIN) 42750
Acceso temático local Biografías
942 ## - ELEMENTOS DE ENTRADA AGREGADOS (KOHA)
Tema principal Literatura
Tipo de ítem principal el descrito en 300a Libro
Edición 1
Parte restante de la signatura top. H138
Sistema de clasificación DEWEY
Clasificación 923.242
Existencias
Fecha de último préstamo Total préstamos Signatura topográfica Código de barras Última vez visto Ejemplar Costo de reposición Price effective from Tipo de ítem Perdido Sistema de clasificación Dañado No prestable Tipo de ítem específico Suprimido Ubicación habitual Ubicación actual Localización Fecha de creación Proveedor Forma de adquisición Costo
05/04/2016 2 923.242 H138 100143011 09/12/2025 Ej.1 26000.00 20/06/2014 Libro   DEWEY     Libro   Claustro Claustro 2do piso 20/06/2014 12 Donación 0.00